Responses for Show #5167 - Tuesday, February 13, 2007

2007 Teen Tournament semifinal game 2.

Contestants

[<< previous game]

Myles Jeffrey, a senior from Seal Beach, California

David Walter, a senior from Wilmington, Delaware

Naomi Hinchen, a senior from Brooklyn, New York

[next game >>]

Jeopardy! Round responses

ELECTION 2006
MONSTER MASH
YOU'RE IN THIS COUNTRY IF...
SHOW ME THE MUNCHIES!
AMERICAN HISTORY
RHYME TIME
    $200 1
Florida

David
    $200 21
Pirates of the Caribbean

David
    $200 16
Turkey

Naomi
    $200 11
popcorn

Myles
    $200 6
Salem

Naomi
    $200 26
book nook

David
    $400 2
Arlington

Myles
    $400 22
(David: Who is [*] Monster?)
(Alex: Or what is [*]? Yes.)

Cookie

David
    $400 17
Ukraine

David
    $400 12
a pretzel

Myles
    $400 7
Bull Run

Naomi
    $400 27
sandy candy

Myles
    $600 3
stem cells

Naomi
    $600 23
Lost

David
    $600 18
Romania

David
    $600 13
guacamole

David
    $600 8
the Articles of Confederation

David
    $600 28
skunk bunk

David
    $600 4
(Naomi: What is Baptist?)
(Alex: No, he's an--he's a Muslim. He converted to [*].)

Islam

Naomi
    $800 24
Buffy the Vampire Slayer

David
    $800 19
India

David
    $800 14
peanuts or Cracker Jacks

Myles
    $800 9
(Alex: They used [*]. Makes sense.)

the Santa Fe Trail

Triple Stumper
    $800 29
frail snail

Naomi
    $1000 5
Indiana

Myles
    $1000 25
King Kong

David
    $1000 20
Mongolia

Myles
    $1000 15
Keebler

Myles
    $1000 10
Three Mile Island

David
    $1000 30
couch grouch

Triple Stumper

Scores at the first commercial break (after clue 15):

Naomi David Myles
$600 $2,400 $3,800

Scores at the end of the Jeopardy! Round:

Naomi David Myles
$1,600 $8,000 $5,200

Double Jeopardy! Round responses

BIOLOGY
FAMOUS YOUNG WOMEN
LET'S GO SHOPPING
THE FRENCH
PLENTY OF TIME
CROSSWORD CLUES "C"
    $400 21
capillaries

Myles
    $400 6
Hilary Duff

David
    $400 11
Converse

Naomi
    $400 30
loaf of bread

Naomi
    $400 16
baseball

Myles
    $400 1
chromosomes

Myles
    $800 22
embryo

Naomi
    $800 7
Heroes

David
    $800 12
Old Navy

David
    $800 29
Bastille Day

Myles
    $800 17
space

Myles
    $800 2
castle

Naomi
    $1200 23
kidneys

David
    $1200 8
Amanda Bynes

Naomi
    $1200 13
Crocs

Myles
    $3,500 27
Rive Gauche & Rive Droite

David
    $1200 18
(David: What is Daylight Savings Time?)
...
(Alex: [*], that's it, yes. Daylight Saving came later.)

time zones

DavidMyles
    $1200 3
comprehension

Naomi
    $1600 24
amino acids

David
    $1600 9
The Olsen Twins

David
    $1600 14
South Park

Myles
    $1600 26
La Marseillaise

David
    $1600 19
(Naomi: What are eras?)

eons

Naomi
Triple Stumper
    $2,000 4
(Naomi: What is Coke?)
(Alex: No, but you were so close. What is [*]? [*] someone into drinking extra sodas.)
[Naomi groans]
(Alex: Ah yeah, I know. It's not that funny, particularly when you lose $2000.)

coax

Naomi
    $2000 25
two-winged

Triple Stumper
    $2000 10
Johansson

David
    $2000 15
Target

David
    $2000 28
grave

David
    $2000 20
(Naomi: What is 2060?)
(Myles: What is 2360?)

5600

NaomiMyles
Triple Stumper
    $2000 5
conjugate

Naomi

Scores at the end of the Double Jeopardy! Round:

Naomi David Myles
$2,800 $24,300 $10,000
(lock game)

[wagering suggestions for these scores]

Final Jeopardy! Round responses

20th CENTURY AUTHORS
(Alex: The main male character in her one novel is based on her father and she also gave him her mother's maiden name.)
...
(Alex: The book is To Kill A Mockingbird. Atticus Finch, based on her father, using her mother's maiden name.)
NaomiWho is Mark Twain?
$2,800
MylesWho is Harper Lee?
$1,337
DavidWho is Harper Lee
$1
Harper Lee

Final scores:

Naomi David Myles
$0 $24,301 $11,337
3rd place: $10,000 Finalist 2nd place: $10,000

Game dynamics:

Coryat scores:

Naomi David Myles
$5,400 $22,000 $10,000
12 R,
4 W
(including 2 DDs)
25 R
(including 1 DD),
1 W
16 R,
1 W

Combined Coryat: $37,400

[game clues] [game scores] [suggest correction]

Game tape date: 2007-01-05
The J! Archive is created by fans, for fans. Scraping, republication, monetization, and malicious use prohibited; this site may use cookies and collect identifying information. See terms. The Jeopardy! game show and all elements thereof, including but not limited to copyright and trademark thereto, are the property of Jeopardy Productions, Inc. and are protected under law. This website is not affiliated with, sponsored by, or operated by Jeopardy Productions, Inc. Join the discussion at JBoard.tv.